<?xml version="1.0" encoding="UTF-8"?>
<record
    xmlns:xsi="http://www.w3.org/2001/XMLSchema-instance"
    xsi:schemaLocation="http://www.loc.gov/MARC21/slim http://www.loc.gov/standards/marcxml/schema/MARC21slim.xsd"
    xmlns="http://www.loc.gov/MARC21/slim">

  <leader>04145cam a22004574i 4500</leader>
  <controlfield tag="003">PE-LiUPU</controlfield>
  <controlfield tag="005">20250731165435.0</controlfield>
  <controlfield tag="008">160429s2016    pe a   grm    000 0 spa d</controlfield>
  <datafield tag="035" ind1=" " ind2=" ">
    <subfield code="a">(Sirsi) a156578</subfield>
  </datafield>
  <datafield tag="040" ind1=" " ind2=" ">
    <subfield code="a">PE-LiUPU</subfield>
    <subfield code="b">spa</subfield>
    <subfield code="c">PE-LiUPU</subfield>
    <subfield code="e">rda</subfield>
  </datafield>
  <datafield tag="099" ind1=" " ind2=" ">
    <subfield code="a">TEF 2</subfield>
    <subfield code="b">H45 2016</subfield>
  </datafield>
  <datafield tag="100" ind1="1" ind2=" ">
    <subfield code="a">Hernandez Oblitas, Naara</subfield>
    <subfield code="e">autor</subfield>
  </datafield>
  <datafield tag="245" ind1="1" ind2=" ">
    <subfield code="a">H&#xE1;bitos alimenticios y actividad f&#xED;sica en los escolares de cuarto a sexto grado del Nivel Primario de dos instituciones educativas p&#xFA;blicas de Lima este, 2015 /</subfield>
    <subfield code="c">Naara Hern&#xE1;ndez Oblitas.</subfield>
  </datafield>
  <datafield tag="264" ind1=" " ind2="0">
    <subfield code="c">2016.</subfield>
  </datafield>
  <datafield tag="300" ind1=" " ind2=" ">
    <subfield code="a">146 hojas </subfield>
    <subfield code="c">30 cm</subfield>
  </datafield>
  <datafield tag="336" ind1=" " ind2=" ">
    <subfield code="a">text</subfield>
    <subfield code="2">rdacontent</subfield>
  </datafield>
  <datafield tag="337" ind1=" " ind2=" ">
    <subfield code="a">unmediated</subfield>
    <subfield code="2">rdamedia</subfield>
  </datafield>
  <datafield tag="338" ind1=" " ind2=" ">
    <subfield code="a">volume</subfield>
    <subfield code="2">rdacarrier</subfield>
  </datafield>
  <datafield tag="502" ind1=" " ind2=" ">
    <subfield code="a">Tesis</subfield>
    <subfield code="b">(Lic.) -- </subfield>
    <subfield code="c">Universidad Peruana Uni&#xF3;n,</subfield>
    <subfield code="d">2016.</subfield>
  </datafield>
  <datafield tag="504" ind1=" " ind2=" ">
    <subfield code="a">Incluye referencias</subfield>
  </datafield>
  <datafield tag="520" ind1="3" ind2=" ">
    <subfield code="a">Objetivo: Describir los factores relacionados al abandono del tratamiento de la estrategia sanitaria nacional de prevenci&#xF3;n y control de tuberculosis en el Hospital de Huayc&#xE1;n. Metodolog&#xED;a: Fue de enfoque cuantitativo, de dise&#xF1;o no experimental, de corte transversal y de tipo descriptivo. La muestra estuvo conformada por 55 pacientes, entre ellos 19 mujeres y 36 hombres, los cuales fueron seleccionados por un muestreo no probabil&#xED;stico de tipo intencional. Los instrumentos que se usaron fueron: una encuesta y una escala (calidad de atenci&#xF3;n). Resultados y conclusiones: Se encontr&#xF3;, respecto al factor sociodemogr&#xE1;fico que el 92.7% est&#xE1;n en el rango de 20 - 59 a&#xF1;os, que el 78.2% contaban con nivel secundario y el 40% eran solteros. En relaci&#xF3;n al factor econ&#xF3;mico, el 54.5% pose&#xED;an casa propia. En el factor ambiental, el 87.3% viv&#xED;an con su familia y le ofrec&#xED;an fuerza emocional (92.7%). Referente al tratamiento, se obtuvo que el 94.5% pertenec&#xED;an al esquema sensible, del mismo modo, el 94.6% consideraron "mucho" o "excesivo" la cantidad de medicamentos que recib&#xED;a y, por &#xFA;ltimo, el 45.5% consideraron la calidad de atenci&#xF3;n como regular muestran una actitud negativa. Objetivo: determinar si existe diferencias en los h&#xE1;bitos alimentarios y actividad f&#xED;sica en los escolares de cuarto a sexto grado de nivel primaria de dos instituciones educativas p&#xFA;blicas de Lima Este, 2015. Material y m&#xE9;todos: dise&#xF1;o: no experimental, de corte transversal, tipo descriptivo-comparativo. Los participantes fueron escolares de 9 a 12 a&#xF1;os. El muestreo fue no probabil&#xED;stico de tipo sensal. Se utiliz&#xF3; el test r&#xE1;pido de h&#xE1;bitos alimentarios Krece Plus y test corto de actividad f&#xED;sica Krece Plus, validado por Serra y Cols (2003). Resultados: en la Instituci&#xF3;n Mar&#xED;a Goretti el 77.7% (202) de los escolares tienen h&#xE1;bitos alimentarios altos y en la Instituci&#xF3;n 5 de abril s&#xF3;lo es el 70.4% (219). En los h&#xE1;bitos alimentarios seg&#xFA;n g&#xE9;nero y lugar de procedencia no hay diferencias significativas en ambas instituciones (p&gt;,05). Asimismo en cuanto a la actividad f&#xED;sica en la Instituci&#xF3;n 5 de abril el 51.1% (159) es mala y en la Instituci&#xF3;n Mar&#xED;a Goreti, el 68.5% (178) es regular. En la actividad f&#xED;sica seg&#xFA;n el g&#xE9;nero no hay diferencias significativas entre ambas instituciones (p&gt;,05). No obstante, en la Instituci&#xF3;n 5 de abril seg&#xFA;n el lugar de procedencia no hay diferencias significativas  (p&gt;,05), sin embargo se encontr&#xF3; diferencia significativa en la Instituci&#xF3;n Mar&#xED;a Goreti (p&lt;,05). Conclusiones: Existe diferencias significativas de los h&#xE1;bitos alimentarios y la actividad f&#xED;sica en los escolares de ambas instituciones ((p&lt;,05) ante a esta realidad.</subfield>
  </datafield>
  <datafield tag="526" ind1=" " ind2=" ">
    <subfield code="a">SEG44</subfield>
  </datafield>
  <datafield tag="526" ind1=" " ind2=" ">
    <subfield code="a">SEG26</subfield>
  </datafield>
  <datafield tag="526" ind1=" " ind2=" ">
    <subfield code="a">P151</subfield>
  </datafield>
  <datafield tag="526" ind1=" " ind2=" ">
    <subfield code="a">P150</subfield>
  </datafield>
  <datafield tag="526" ind1=" " ind2=" ">
    <subfield code="a">P149</subfield>
  </datafield>
  <datafield tag="526" ind1=" " ind2=" ">
    <subfield code="a">P146</subfield>
  </datafield>
  <datafield tag="526" ind1=" " ind2=" ">
    <subfield code="a">P145</subfield>
  </datafield>
  <datafield tag="526" ind1=" " ind2=" ">
    <subfield code="a">P126</subfield>
  </datafield>
  <datafield tag="526" ind1=" " ind2=" ">
    <subfield code="a">P125</subfield>
  </datafield>
  <datafield tag="526" ind1=" " ind2=" ">
    <subfield code="a">P92</subfield>
  </datafield>
  <datafield tag="526" ind1=" " ind2=" ">
    <subfield code="a">P75</subfield>
  </datafield>
  <datafield tag="526" ind1=" " ind2=" ">
    <subfield code="a">P74</subfield>
  </datafield>
  <datafield tag="526" ind1=" " ind2=" ">
    <subfield code="a">P27</subfield>
  </datafield>
  <datafield tag="526" ind1=" " ind2=" ">
    <subfield code="a">P15</subfield>
  </datafield>
  <datafield tag="650" ind1="0" ind2="4">
    <subfield code="a">Estilo de vida</subfield>
    <subfield code="x">H&#xE1;bitos alimentarios</subfield>
    <subfield code="x">Estudiantes de primaria.</subfield>
  </datafield>
  <datafield tag="700" ind1="1" ind2=" ">
    <subfield code="a">Jaramillo Cano, Lila</subfield>
    <subfield code="e">autor</subfield>
  </datafield>
  <datafield tag="596" ind1=" " ind2=" ">
    <subfield code="a">1</subfield>
  </datafield>
  <datafield tag="942" ind1=" " ind2=" ">
    <subfield code="2">ddc</subfield>
    <subfield code="c">TESIS</subfield>
  </datafield>
  <datafield tag="999" ind1=" " ind2=" ">
    <subfield code="a">TEF 2 H45 2016</subfield>
    <subfield code="w">ALPHANUM</subfield>
    <subfield code="c">9238</subfield>
    <subfield code="i">T01919</subfield>
    <subfield code="l">CCODEBUL3</subfield>
    <subfield code="m">BUL</subfield>
    <subfield code="r">1</subfield>
    <subfield code="s">Y</subfield>
    <subfield code="t">TESIS</subfield>
    <subfield code="u">2016-4-29</subfield>
    <subfield code="x">SALUD</subfield>
    <subfield code="P">P22</subfield>
    <subfield code="o">.STAFF. Tesis</subfield>
    <subfield code="d">9238</subfield>
  </datafield>
  <datafield tag="980" ind1=" " ind2=" ">
    <subfield code="8">1</subfield>
    <subfield code="g">ALBERTO SANCHEZ Responsable de Automatizaci&#xF3;n</subfield>
  </datafield>
  <datafield tag="952" ind1=" " ind2=" ">
    <subfield code="r">2022-07-06 00:00:00</subfield>
    <subfield code="l">0</subfield>
    <subfield code="o">TEF 2 H45 2016</subfield>
    <subfield code="p">T01919</subfield>
    <subfield code="t">e1</subfield>
    <subfield code="w">2016-04-29</subfield>
    <subfield code="x">FCS</subfield>
    <subfield code="y">TESIS</subfield>
    <subfield code="z">Este &#xCD;tem NO se presta por ser Ejemplar #1.</subfield>
    <subfield code="1">0</subfield>
    <subfield code="2">ddc</subfield>
    <subfield code="7">1</subfield>
    <subfield code="8">TESIS</subfield>
    <subfield code="f">P22</subfield>
    <subfield code="a">BUL</subfield>
    <subfield code="b">BUL</subfield>
    <subfield code="c">TESIS</subfield>
    <subfield code="d">2016-04-29</subfield>
  </datafield>
</record>
